Millennium development goals for health in Europe and Central Asia : (Record no. 657)

000 -LEADER
fixed length control field 01785nam a22004697a 4500
001 - CONTROL NUMBER
control field 13577164
003 - CONTROL NUMBER IDENTIFIER
control field OSt
005 - DATE AND TIME OF LATEST TRANSACTION
control field 20210421063838.0
008 - FIXED-LENGTH DATA ELEMENTS--GENERAL INFORMATION
fixed length control field 040429s2004 dcua b i000 0 eng
010 ## - LIBRARY OF CONGRESS CONTROL NUMBER
LC control number 2004050361
020 ## - INTERNATIONAL STANDARD BOOK NUMBER
International Standard Book Number 0821358782
020 ## - INTERNATIONAL STANDARD BOOK NUMBER
International Standard Book Number 0821358790 (ebook)
040 ## - CATALOGING SOURCE
Original cataloging agency eng
Transcribing agency DLC
Modifying agency eng
Language of cataloging eng
041 ## - LANGUAGE CODE
Language code of text/sound track or separate title eng
042 ## - AUTHENTICATION CODE
Authentication code pcc
043 ## - GEOGRAPHIC AREA CODE
Geographic area code e------
-- ac-----
050 00 - LIBRARY OF CONGRESS CALL NUMBER
Classification number RA395.E84
Item number R43 2004
080 ## - UNIVERSAL DECIMAL CLASSIFICATION NUMBER
Universal Decimal Classification number 614
Item number W-83
082 00 - DEWEY DECIMAL CLASSIFICATION NUMBER
Classification number 362.1/094
Edition number 22
100 1# - MAIN ENTRY--PERSONAL NAME
Personal name Rechel, Bernd,
Dates associated with a name 1970-
245 10 - TITLE STATEMENT
Title Millennium development goals for health in Europe and Central Asia :
Remainder of title relevance and policy implications.
260 ## - PUBLICATION, DISTRIBUTION, ETC.
Place of publication, distribution, etc. Washington, D.C. :
Name of publisher, distributor, etc. World Bank,
Date of publication, distribution, etc. c2004.
300 ## - PHYSICAL DESCRIPTION
Extent xi, 56 p. :
Other physical details ill. ;
Dimensions 25 cm.
440 #0 - SERIES STATEMENT/ADDED ENTRY--TITLE
Title World Bank working paper,
International Standard Serial Number 1726-5878 ;
Volume/sequential designation no. 33
500 ## - GENERAL NOTE
General note Written by Berndt Rechel, Laidon Shapo, and Martin McKee.
504 ## - BIBLIOGRAPHY, ETC. NOTE
Bibliography, etc. note Includes bibliographical references (p. 55-56).
650 #0 - SUBJECT ADDED ENTRY--TOPICAL TERM
Topical term or geographic name entry element Health planning
Geographic subdivision Europe.
650 #0 - SUBJECT ADDED ENTRY--TOPICAL TERM
Topical term or geographic name entry element Public Health
9 (RLIN) 337
650 #0 - SUBJECT ADDED ENTRY--TOPICAL TERM
Topical term or geographic name entry element Health planning
Geographic subdivision Asia, Central.
650 #0 - SUBJECT ADDED ENTRY--TOPICAL TERM
Topical term or geographic name entry element Medical policy
Geographic subdivision Europe.
650 #0 - SUBJECT ADDED ENTRY--TOPICAL TERM
Topical term or geographic name entry element Medical policy
Geographic subdivision Asia, Central.
650 #0 - SUBJECT ADDED ENTRY--TOPICAL TERM
Topical term or geographic name entry element Medical care
Geographic subdivision Europe
General subdivision Forecasting.
650 #0 - SUBJECT ADDED ENTRY--TOPICAL TERM
Topical term or geographic name entry element Medical care
Geographic subdivision Asia, Central
General subdivision Forecasting.
653 ## - INDEX TERM--UNCONTROLLED
Uncontrolled term საზოგადოებრივი ჯანდაცვა
653 ## - INDEX TERM--UNCONTROLLED
Uncontrolled term ჯანდაცვის დაგეგმვა
653 ## - INDEX TERM--UNCONTROLLED
Uncontrolled term ჯანდაცვის პოლიტიკა
700 1# - ADDED ENTRY--PERSONAL NAME
Personal name Shapo, Laidon,
Dates associated with a name 1969-
700 1# - ADDED ENTRY--PERSONAL NAME
Personal name McKee, Martin.
906 ## - LOCAL DATA ELEMENT F, LDF (RLIN)
a 7
b cbc
c orignew
d 1
e ocip
f 20
g y-gencatlg
942 ## - ADDED ENTRY ELEMENTS (KOHA)
Source of classification or shelving scheme
Koha item type Books
Holdings
Withdrawn status Lost status Source of classification or shelving scheme Damaged status Not for loan Permanent location Current location Date acquired Inventory number Total Checkouts Full call number Barcode Date last seen Price effective from Koha item type
          Ken Walker International University Ken Walker International University 12/16/2020 402   614 W-83 402 12/16/2020 12/16/2020 Books

Powered by Koha